000 00343pab a2200157 454500
008 180718b1995 xxu||||| |||| 00| 0 eng d
100 _aMani, V.S.
245 _aOn international law
260 _c1995
300 _ap.35-37
362 _aOct
650 _aPublic law
650 _aInternational law
773 _aSeminar
909 _a29390
999 _c29390
_d29390